00508nam a2200193 a 4500001001300000003000900013005001700022008004100039020001300080082001300093100001900106245004900125260004200174300000900216500003500225505001000260650002500270700001900295nice12345678IN_TiNIC20260116012722.0050524s1978 lona grp 000 0 eng  ac331.6500a291bFER aFerguson, John aReligions of the Worldb Study for Everyman. aLondonbLutterworth Educationalc1978 a206p aincludes index and biblioraphy2 aIndex aComparative Religion1 aFerguson, John